00783nam a2200193 i 450000100060000000300090000600500170001500700030003200800410003510000320007624501630010826000480027130000300031970000490034970000240039885200310042299900170045395201190047084688ES-MaACL20230906175053.0t|041123s1948 sp ||||1| spa d1 aJansen, Guillermo H.96605810aCompendio y atlas de electrocardiografía / cpor Guillermo H. Jansen y Juan Haas ; traducido del alemán y con notas adicionales por J. Gilbert-Queraltó. aBarcelona : bPubul, c1948 (fLa Neotipia) a163 p. : bil. ; c29 cm.1 aGibert-Queraltó, Juan (d1907-1998)9566531 aHaas, Hans.9163241 aES-MaACLjB-1727 bR.25748 c84688d84688 00104070aATENEOMbATENEOMcSPBd2008-01-17eSCl0oB-1727p1088506r2023-02-23 00:00:00w2023-02-23yMONOGRAFIA